000 00786nas a2200253 4500
001 BR2011000806
003 BR-BrBNA
005 20231205114426.0
007 ta
008 230509b bl.|||p| |||| 00| 00por d
040 _aBR-BrBNA
_bpor
_cBiblioteca Nacional de Agricultura
041 _a(En)
072 _aF50
100 1 _aBarbosa, S.B.
100 1 _aMarcelli, M.P.
245 1 _aComparative thallus anatomy of two Parmotrema (Parmeliaceae, lichenized Ascomycetes)with reticulate maculae
650 _aMICOLOGIA
650 _aLIQUEN
650 _aPLANTA
650 _aANATOMIA VEGETAL
773 0 _tActa Botanica Brasilica (Brazil)
_xISSN 0102-3306
_g(Jul-Sep 2010), v. 24(3) p. 803-811
_wBR2011000806
909 _a202311
_bLúcia
_c55
_dLúcia Elande
942 _2AGRIS
_n0
_cANA
999 _c208713
_d208713